Strongest My Hero Academia Characters - Statistics

General Stats
  • This quiz has been taken 122 times
  • The average score is 15 of 25
Answer Stats
Hint Answer % Correct
3 All Might
100%
2 Deku
99%
7 Shoto Todoroki
97%
5 Katsuki Bakugo
93%
4 All for One
91%
11 Endeavor
91%
1 Tomura Shigaraki
89%
8 Dabi
80%
13 Hawks
76%
14 Lemillion
70%
20 Eijiro Kirishima
66%
21 Tenya Iida
63%
12 Fumikage Tokoyami
59%
9 Twice (dopple army)
57%
15 Best Jeanist
55%
18 Mirko
53%
16(interchangeable) Suneater
48%
16(interchangeable) Nejire Hado
44%
25 Overhaul
43%
6 Star & Stripe
41%
10 Gigantomachia
39%
22 Mt. Lady
36%
24 Lady Nagant
24%
23 Re-Destro
22%
19 Gentle Criminal
10%
No matching quizzes found
Score Distribution
Percent of People with Each Score
Percentile by Number Answered
Your Score History
You have not taken this quiz